Supervivencia - Plantas medicinales España - Estadísticas

Estadísticas generales
  • Esta prueba ha sido intentada 11 veces
    10 desde el último reinicio
  • La puntuación promedio es 6 de 20
Answers on the Grid
Answers color-coded by a green-red scale on the quiz's grid according to % correct below.
Adelfa
Ajedrea
Beleño
Belladona
Caléndula silvestre
Cicuta
Cola de caballo
Digitalis / Dedalera
Eléboro
Gordolobo
Hiedra
Hinojo
Hipérico / Hierba de San Juan
Lavanda
Lechetrezna
Manzanilla
Marrubio
Mejorana
Melisa
Menta
Milenrama
Narciso silvestre
Pino
Poleo
Ranúnculo
Ricino
Romero
Ruda
Salvia
Té de roca
Tilo
Tomillo
 
Estadísticas de respuestas
Respuesta % Correcto
Lavanda
63%
Menta
63%
Manzanilla
50%
Tomillo
50%
Caléndula silvestre
38%
Hipérico / Hierba de San Juan
38%
Romero
38%
Té de roca
38%
Ajedrea
25%
Cola de caballo
25%
Hinojo
25%
Mejorana
25%
Melisa
25%
Pino
25%
Poleo
25%
Salvia
25%
Tilo
25%
Gordolobo
13%
Marrubio
13%
Milenrama
13%
No se encontraron pruebas coincidentes
Distribución de puntuación
Porcentaje de gente con cada puntuación
Porcentaje por número respondido
Historial de tus puntuaciones
No has intentado esta prueba desde el último reinicio